000 00217 a2200097 4500
001 12239
100 _aJane's
245 _aJane's: Air-Launched Weapons
260 _aLondon
_bJane's Group
_c2005
090 _c9469
_d9469
942 _aNUST-CAE
_cM
_c36343
999 _c247312
_d247312